Elements of ecology

Αποθηκεύτηκε σε:
Λεπτομέρειες βιβλιογραφικής εγγραφής
Κύριος συγγραφέας:  Smith, Thomas M
Μορφή: Sách
Γλώσσα:Undetermined
Έκδοση:  Pearson Benjamin Cummings  2009
Θέματα:
Ετικέτες: Προσθήκη ετικέτας
Δεν υπάρχουν, Καταχωρήστε ετικέτα πρώτοι!
Thư viện lưu trữ: Trung tâm Thư viện - Trường Đại học Công nghiệp TP. Hồ Chí Minh
LEADER 00479nam a2200157Ia 4500
001 UIH_06121
008 231011s9999 xx 000 0 und d
082 |a  577 
100 |a  Smith, Thomas M 
245 0 |a  Elements of ecology 
245 0 |c  Smith, Thomas M 
260 |b  Pearson Benjamin Cummings 
260 |c  2009 
650 |a  Sinh thái học; Ecology;  
927 |a Sách 
980 |a Trung tâm Thư viện - Trường Đại học Công nghiệp TP. Hồ Chí Minh